<?xml version="1.0" encoding="UTF-8"?>
<record
    xmlns:xsi="http://www.w3.org/2001/XMLSchema-instance"
    xsi:schemaLocation="http://www.loc.gov/MARC21/slim http://www.loc.gov/standards/marcxml/schema/MARC21slim.xsd"
    xmlns="http://www.loc.gov/MARC21/slim">

  <leader>01113cam a22002651i 4500</leader>
  <controlfield tag="003">SA-RiAUC</controlfield>
  <controlfield tag="005">20260317132724.0</controlfield>
  <controlfield tag="008">260215s1926    ua     g      000 0cara c</controlfield>
  <datafield tag="040" ind1=" " ind2=" ">
    <subfield code="a">EG-CaDAJ</subfield>
    <subfield code="b">ara</subfield>
    <subfield code="c">SA-RiAUC</subfield>
    <subfield code="e">rda</subfield>
  </datafield>
  <datafield tag="082" ind1="0" ind2="4">
    <subfield code="a">924.1</subfield>
  </datafield>
  <datafield tag="090" ind1=" " ind2=" ">
    <subfield code="a">&#x645; &#x646; 924.1</subfield>
    <subfield code="b">&#x627; &#x628; &#x646; &#x634;</subfield>
  </datafield>
  <datafield tag="100" ind1="1" ind2=" ">
    <subfield code="a">&#x627;&#x628;&#x646; &#x634;&#x631;&#x641; &#x627;&#x644;&#x642;&#x64A;&#x631;&#x648;&#x627;&#x646;&#x64A;&#x60C; &#x645;&#x62D;&#x645;&#x62F; &#x628;&#x646; &#x633;&#x639;&#x64A;&#x62F; &#x628;&#x646; &#x623;&#x62D;&#x645;&#x62F;&#x60C;</subfield>
    <subfield code="d">390-460 &#x647;&#x62C;&#x631;&#x64A;</subfield>
    <subfield code="e">&#x645;&#x624;&#x644;&#x641;.</subfield>
  </datafield>
  <datafield tag="245" ind1="1" ind2="0">
    <subfield code="a">&#x623;&#x639;&#x644;&#x627;&#x645; &#x627;&#x644;&#x643;&#x644;&#x627;&#x645; /</subfield>
    <subfield code="c">&#x623;&#x628;&#x648; &#x639;&#x628;&#x64A;&#x62F; &#x627;&#x644;&#x644;&#x647; &#x645;&#x62D;&#x645;&#x62F; &#x628;&#x646; &#x634;&#x631;&#x641; &#x627;&#x644;&#x642;&#x64A;&#x631;&#x648;&#x627;&#x646;&#x64A;.</subfield>
  </datafield>
  <datafield tag="264" ind1=" " ind2="1">
    <subfield code="a">&#x627;&#x644;&#x642;&#x627;&#x647;&#x631;&#x629; :</subfield>
    <subfield code="b">&#x645;&#x643;&#x62A;&#x628;&#x629; &#x627;&#x644;&#x62E;&#x627;&#x646;&#x62C;&#x64A;&#x60C;</subfield>
    <subfield code="c">1926</subfield>
  </datafield>
  <datafield tag="300" ind1=" " ind2=" ">
    <subfield code="a">54 &#x635;&#x641;&#x62D;&#x629;.&#x61B;</subfield>
    <subfield code="c">29 &#x633;&#x645;.</subfield>
  </datafield>
  <datafield tag="336" ind1=" " ind2=" ">
    <subfield code="a">&#x646;&#x635;</subfield>
    <subfield code="b">txt</subfield>
    <subfield code="2">rdacontent</subfield>
    <subfield code="3">&#x643;&#x62A;&#x627;&#x628;</subfield>
  </datafield>
  <datafield tag="337" ind1=" " ind2=" ">
    <subfield code="a">&#x628;&#x62F;&#x648;&#x646; &#x648;&#x633;&#x64A;&#x637;</subfield>
    <subfield code="b">n</subfield>
    <subfield code="2">rdamedia</subfield>
  </datafield>
  <datafield tag="338" ind1=" " ind2=" ">
    <subfield code="a">&#x645;&#x62C;&#x644;&#x62F;</subfield>
    <subfield code="b">nc</subfield>
    <subfield code="2">rdacarrier</subfield>
  </datafield>
  <datafield tag="490" ind1="1" ind2=" ">
    <subfield code="a">&#x627;&#x644;&#x631;&#x633;&#x627;&#x626;&#x644; &#x627;&#x644;&#x646;&#x627;&#x62F;&#x631;&#x629;</subfield>
  </datafield>
  <datafield tag="650" ind1=" " ind2="7">
    <subfield code="a">&#x627;&#x644;&#x644;&#x63A;&#x648;&#x64A;&#x648;&#x646; &#x627;&#x644;&#x639;&#x631;&#x628;</subfield>
    <subfield code="v">&#x62A;&#x631;&#x627;&#x62C;&#x645;</subfield>
    <subfield code="2">aucsh</subfield>
  </datafield>
  <datafield tag="830" ind1=" " ind2="2">
    <subfield code="a">&#x627;&#x644;&#x631;&#x633;&#x627;&#x626;&#x644; &#x627;&#x644;&#x646;&#x627;&#x62F;&#x631;&#x629; (&#x645;&#x643;&#x62A;&#x628;&#x629; &#x627;&#x644;&#x62E;&#x627;&#x646;&#x62C;&#x64A;)</subfield>
  </datafield>
  <datafield tag="856" ind1=" " ind2=" ">
    <subfield code="u">https://Dsdelta.aruc.org/xmlui/bitstream/handle/123456789/149/11388.pdf</subfield>
    <subfield code="y">Digital Copy</subfield>
  </datafield>
  <datafield tag="942" ind1=" " ind2=" ">
    <subfield code="2">ddc</subfield>
    <subfield code="c">RBOOK COPY</subfield>
    <subfield code="n">0</subfield>
  </datafield>
  <datafield tag="949" ind1=" " ind2=" ">
    <subfield code="a">SA-JeALM</subfield>
    <subfield code="d">260215</subfield>
    <subfield code="u">mohamedma123</subfield>
    <subfield code="n">1</subfield>
  </datafield>
  <datafield tag="952" ind1=" " ind2=" ">
    <subfield code="0">0</subfield>
    <subfield code="1">0</subfield>
    <subfield code="2">ddc</subfield>
    <subfield code="4">0</subfield>
    <subfield code="7">0</subfield>
    <subfield code="a">WAHAB</subfield>
    <subfield code="b">WAHAB</subfield>
    <subfield code="d">2026-03-17</subfield>
    <subfield code="l">0</subfield>
    <subfield code="o">&#x645; &#x646; 924.1  &#x627; &#x628; &#x646; &#x634;</subfield>
    <subfield code="p">000023199</subfield>
    <subfield code="r">2026-03-17 13:28:42</subfield>
    <subfield code="w">2026-03-17</subfield>
    <subfield code="y">RBOOK COPY</subfield>
  </datafield>
  <datafield tag="999" ind1=" " ind2=" ">
    <subfield code="c">14678</subfield>
    <subfield code="d">14678</subfield>
  </datafield>
</record>
